00389nam a2200109Ia 4500008004100000020002200041100002600063245008800089260004900177300002600226650002700252200908s9999 xx 000 0 und d a978-971-98-1067-4 aCaoili-Tayuan, Ronina cRonina R. Caoili-Tayunan, Mia V. EleazaraLiving in the information technology era/ aQuezon City:bC and E Publishing, Inc.c2019 axi, 231 pagesc22 cm. aInformation technology